000 01066nam a2200337 a 4500
001 000110809
003 CHAP
005 20220329144147.0
008 141007s2014 mx a |s| ||||||spa d
010 _a107271
011 _a108243
020 _a9786077390138
040 _cCHAP
090 _aCD-444
245 1 0 _aGuía para la interpretación de cartografía de erosión del suelo
_h[Disco compacto]
_bescala 1: 250 000 serie l /
_cpor Instituto Nacional de Estadística y Geografía.
260 _aAguascalientes, Ags. :
_bINEGI,
_c2014.
300 _a1 CD ROM ;
_c4 3/4 plg.
590 _aE11695DGD
_b10
_c20151104
_lUCH01
_h0933
590 _aE5765TAJ
_b05
_c20141007
_lUCH01
_h1110
590 _aE5765TAJ
_b05
_c20141007
_lUCH01
_h1111
590 _aE5765TAJ
_b05
_c20141007
_lUCH01
_h1111
650 1 4 _aCartografía.
_919644
650 1 4 _aErosión eólica.
_937339
650 1 4 _aMapas.
_971128
650 1 4 _aSuelos
_xDegradación.
_9110336
650 1 4 _aSuelos
_xErosión.
_9110357
710 0 _aINEGI
_958045
901 _aBK
942 _cCD
942 _n0
999 _c107271
_d107271